00779nam a22001457a 450000500170000000800440001702000350006102000280009605000200012410000330014424503430017725000110052026000790053130000230061020211014141634.0210531b sp ||||| |||| 00| 0 spa d a9788484897231 (Iberoamericana) a978865277763 (Vervuert)04aF2271bG66 20131 aGonzález Ortega, Nelson. 10aColombia : buna nación en formación en su historia y literatura (siglos XVI-XXI) : usos políticos de la historia y la literatura en la construcción de la nación (siglos XIX al XX) y subversión del discurso nacional oficial en las nuevas narrativas de la historia y la literatura (siglos XX al XXI)c/ Nelson González Ortega a1a ed. aMadrid, España :bIberoamericana ; Frankfurt am Main : Vervuert, c2013. a467 p. ; c23 cm.